000 00979nam a2200265Ia 4500
003 GCL
008 140319s9999 xx 000 0 ara d
040 _aGCL /
_cGCL
082 0 4 _aق
_b932
_bب ش
100 1 _aبهاءالدين ابراهيم سلامة \\=aمحمود ماهر طهv
245 1 0 _aالشرطة والامن الداخلى فى مصر القديمة /
_cبهاءالدين ابراهيم سلامة
260 _aالقاهرة :
_bهيئة الاثار المصرية ،
_c1986
300 _a354 ص ؛
_c25سم
490 _aسلسلة الثقافة الاثرية والتاريخية
_v0
650 0 4 _aتاريخ
650 0 4 _aمصر القديمة
650 0 4 _aقوانين وتشريعات
650 0 4 _aالشرطة
650 0 4 _aالعقوبات
650 0 4 _aالوضع الاجتماعى
650 0 4 _aالدولة القديمة
650 0 4 _aالدولة الوسطى
650 0 4 _aالدولة الحديثة
942 _2ddc
_cBK
999 _c52852
_d52852